000 00281nam a22001337a 4500
008 181016b xxu||||| |||| 00| 0 eng d
020 _a0153817003
041 _aeng
080 _a370
100 _a49
101 _aEDU
245 _aNouveax.COPAINS
_cBaker.R.l
942 _2udc
_cBK
999 _c49947
_d49947